[Event "52nd ACCENTUS Biel Rapid 2019"]
[Site "Biel"]
[Date "2019.07.21"]
[Round "1.1"]
[White "Bogner, Sebastian"]
[Black "Leko, Peter"]
[Result "1/2-1/2"]
[WhiteElo "2584"]
[BlackElo "2674"]
[Annotator "TA"]
[PlyCount "73"]
[EventDate "2019.07.21"]
[EventType "tourn"]
[EventCountry "SUI"]
[SourceTitle "playchess.com"]
[Source "ChessBase"]
[SourceQuality "1"]

{[%evp 26,73,31,0,14,8,25,0,20,0,0,0,0,0,0,0,0,0,0,0,0,0,0,0,27,9,3,0,7,3,8,0,9,9,12,0,0,-21,-8,-11,0,-8,0,0,0,-7,0,0,0,-8]} 1. d4 Nf6 2. c4 e6 3. Nf3 d5 4. Nc3 c5 5. cxd5 Nxd5 6. e4 Nxc3 7. bxc3 cxd4 8. cxd4 Bb4+ 9. Bd2 Bxd2+ 10. Qxd2 O-O 11. Bc4 Nd7 12. O-O b6 13. Rfe1 Bb7 14. Rad1 Rc8 {D41: Queen's Gambit Declined: Semi-Tarrasch with 5 cxd5} 15. Bb3 h6 (15... Re8 16. h3 Nf6 17. Qf4 Nh5 18. Qh2 h6 19. h4 a5 20. g4 Nf6 21. Qf4 b5 22. Ne5 {½-½ (50) Adhiban,B (2683)-Ding,L (2812) Astana 2019}) 16. h3 Nf6 17. Qf4 Qc7 {[#]} 18. Qxc7 $146 ({Predecessor:} 18. Qh4 Qd8 19. Re3 Rc7 20. d5 exd5 {½-½ (40) Brown,M (2524)-Kiewra,K (2362) Burlingame 2019}) 18... Rxc7 19. d5 exd5 20. exd5 {[#] And now d6 would win.} Rd7 $1 {[%cal Rb7d5]} 21. Ne5 Rd6 {[%cal Rb7d5]} 22. Nc6 Bxc6 23. dxc6 Rxc6 24. Re7 a6 25. Rxf7 Rxf7 {The position is equal.} 26. Rd8+ Kh7 27. Bxf7 $11 {[%mdl 4096] Endgame KRB-KRN} b5 28. f4 g5 29. fxg5 hxg5 30. Bb3 a5 31. Rd4 Kg7 32. Kf2 Rc3 33. Ke2 Rg3 34. Kf2 Rc3 35. Ke2 Rg3 36. Kf2 Rc3 37. Ke2 {Accuracy: White = 38%, Black = 33%.} 1/2-1/2

[Event "52nd ACCENTUS Biel Rapid 2019"]
[Site "Biel"]
[Date "2019.07.21"]
[Round "1.2"]
[White "Shankland, Sam"]
[Black "Georgiadis, Nico"]
[Result "1-0"]
[WhiteElo "2713"]
[BlackElo "2514"]
[Annotator "TA"]
[PlyCount "89"]
[EventDate "2019.07.21"]
[EventType "tourn"]
[EventCountry "SUI"]
[SourceTitle "playchess.com"]
[Source "ChessBase"]
[SourceQuality "1"]

{[%evp 9,89,28,23,13,14,17,18,16,33,29,25,29,29,32,33,33,33,35,44,36,39,27,37,38,24,8,10,11,39,7,6,-8,0,-14,7,3,3,0,0,0,8,0,13,0,16,12,59,70,82,95,109,115,114,112,105,107,128,108,127,121,120,127,448,89,98,91,204,186,193,81,78,78,239,239,254,250,405,404,1060,893,29998,29999]} 1. d4 Nf6 2. c4 e6 3. Nf3 d5 4. Nc3 Bb4 5. Qa4+ Nc6 6. Bd2 {D38: Queen's Gambit Declined: Ragozin Defence (4 Nf3 Bb4)} (6. e3 O-O 7. Qc2 Re8 8. Bd2 a6 9. a3 Bd6 10. Rd1 Bd7 11. Bc1 dxc4 12. Bxc4 h6 13. O-O e5 14. dxe5 Nxe5 15. Nxe5 Bxe5 {½-½ (27) Wojtaszek,R (2722)-Vidit,S (2711) Prague 2019}) 6... O-O 7. a3 Bxc3 8. Bxc3 {The position is equal.} Bd7 $146 ({Predecessor:} 8... Ne4 9. e3 Nxc3 10. bxc3 dxc4 11. Bxc4 Bd7 12. Qc2 Na5 13. Bd3 h6 {1-0 (32) Stojanovic,M (2534)-Pfrommer,C (2340) Baden 2016}) 9. Qb3 dxc4 10. Qxc4 Ne4 11. e3 Ne7 12. Be2 Bc6 13. O-O Bd5 14. Qd3 b6 15. b4 c5 16. dxc5 bxc5 17. bxc5 Rc8 $1 18. Rad1 Qc7 19. Bd4 Nxc5 20. Qb5 Ne4 21. Qa4 Nc3 22. Bxc3 $1 Qxc3 23. Nd4 Qc5 24. Rb1 Rfd8 25. h3 e5 26. Nf3 Bc6 27. Qa6 Bxf3 28. Bxf3 Rd6 29. Qa4 g6 30. Rb5 Qc4 31. Qxc4 Rxc4 32. Rxe5 Nc6 33. Re8+ Kg7 34. Rb1 Ra4 35. Rc1 Nd8 $2 {[%mdl 8192]} (35... Ra6 $16 36. a4 Nd8) 36. Rc3 $2 (36. Rd1 $18 {and the rest is easy.} Nb7 37. Re7) 36... Ne6 37. Re7 Rda6 (37... Ra5 $16 {keeps fighting.}) 38. Bd5 $18 Kf6 39. Rb7 (39. Rd7 $1 $18 {is the precise move to win.}) 39... Rxa3 $16 40. Rc8 Rd3 $2 {[#]} (40... Rb6 $16 {might work better.}) 41. Bxe6 $1 $18 Rxe6 {[#]} 42. Rcc7 $1 ({Resist} 42. Rxa7 $6 Kg7 $16) 42... Kg5 $2 (42... Ke5 43. Rxf7 (43. Rxa7 f6 $18) 43... a5 44. Rxh7 Ra6 45. f4+ Kd5 46. Rhd7+ Kc6 47. Rdc7+ (47. Rxd3 Kxb7 48. Ra3 a4 $16) 47... Kd5) 43. Rxf7 {Strongly threatening h4+.} h5 (43... Rd5 $142 44. Rxh7 Kf5 45. g4+ Ke4 46. Rxa7 Kf3 47. Rhf7+ Ke4) 44. Rxa7 h4 45. f4+ {Accuracy: White = 64%, Black = 31%.} 1-0

[Event "52nd ACCENTUS Biel Rapid 2019"]
[Site "Biel"]
[Date "2019.07.21"]
[Round "1.3"]
[White "Cori, Jorge"]
[Black "Vidit, Santosh Gujrathi"]
[Result "1-0"]
[WhiteElo "2686"]
[BlackElo "2703"]
[Annotator "TA"]
[PlyCount "75"]
[EventDate "2019.07.21"]
[EventType "tourn"]
[EventCountry "SUI"]
[SourceTitle "playchess.com"]
[Source "ChessBase"]
[SourceQuality "1"]

{[%evp 21,75,25,20,18,46,46,35,0,19,0,0,22,38,33,50,3,37,27,15,23,22,18,15,22,91,67,71,67,154,0,72,54,205,140,140,140,140,140,143,141,149,156,154,139,129,46,76,80,84,82,112,43,60,50,550,541]} 1. d4 Nf6 2. Nf3 d5 3. c4 e6 4. e3 a6 5. Nc3 c5 6. cxd5 exd5 7. Be2 Nc6 8. O-O cxd4 9. Nxd4 Bd6 10. b3 O-O 11. Bb2 Re8 12. Rc1 {D32: Tarrasch Defence: Sidelines and lines without g3} Bc7 13. Nxc6 (13. Ba3 Nxd4 14. Qxd4 Be5 15. Qh4 Be6 16. Bc5 Bxc3 17. Rxc3 Ne4 18. Qxd8 Raxd8 {½-½ (30) Dizdarevic,E (2444)-Godena,M (2501) Batumi 2018}) 13... bxc6 14. Ba3 {White is slightly better.} h5 $146 ({Predecessor:} 14... Be5 15. Na4 Qc7 16. g3 Ne4 17. Bf3 Bf5 18. Bb2 Bxb2 19. Nxb2 {1-0 (49) Potapov,A (2354)-Bezgodova,S (2198) Voronezh 2009}) 15. Bf3 Ng4 16. g3 Bf5 17. Ne2 Ne5 18. Bg2 (18. Bxh5 $5 {[%cal Re2d4]} g6 19. Nd4 $14) 18... h4 19. Nd4 $1 $36 {[%csl LRc6,LRf5][%mdl 2048] Black is under pressure.} Bd7 20. f4 h3 21. fxe5 hxg2 22. Kxg2 {Black must now prevent Qh5.} Bxe5 (22... Rxe5 $11 23. Nxc6 Bxc6 24. Rxc6 Qd7) 23. Nxc6 Bxc6 24. Rxc6 Qa5 ({Black should play} 24... Qd7 $14 25. Rc2 Rac8) 25. Qc1 $2 (25. Bc5 $16 Rad8 26. Qf3) 25... d4 (25... Qb5 $11 {remains equal.}) 26. e4 (26. Rc5 $5 {[%cal Rc5a5]} Qb6 27. Qc4 Qb7+ 28. Qd5 Qxd5+ 29. Rxd5 $14) 26... d3 $2 ({Black should try} 26... Qb5 $14) 27. Rc5 Qb6 28. Qc4 {[%mdl 64] Double Attack} Qg6 29. Qxd3 Rad8 30. Rd5 Bf6 31. Rxd8 Rxd8 32. Qe2 Re8 33. Rf4 (33. Bc5 $16) 33... Bg5 {[#]} 34. Rf2 $1 Rxe4 35. Qf3 Qe6 {[#]} 36. Bc5 (36. Qf5 $1 $16 {[%cal Rf5g5]} Qxf5 37. Rxf5) 36... g6 37. b4 Be3 $2 {[%mdl 8192]} ({Better is} 37... Bh6 $14) 38. Re2 {Accuracy: White = 43%, Black = 32%.} 1-0

[Event "52nd ACCENTUS Biel Rapid 2019"]
[Site "Biel"]
[Date "2019.07.21"]
[Round "2.1"]
[White "Maghsoodloo, Parham"]
[Black "Bogner, Sebastian"]
[Result "1-0"]
[WhiteElo "2656"]
[BlackElo "2584"]
[Annotator "TA"]
[PlyCount "124"]
[EventDate "2019.07.21"]
[EventType "tourn"]
[EventCountry "SUI"]
[SourceTitle "playchess.com"]
[Source "ChessBase"]
[SourceQuality "1"]

{[%evp 15,124,28,28,23,26,23,19,14,31,0,29,4,1,10,14,16,19,35,43,27,27,0,8,0,20,12,24,13,28,38,39,10,19,12,12,10,13,12,14,11,16,3,24,19,35,9,13,0,0,0,0,0,0,0,0,0,0,0,0,0,0,0,0,0,0,0,18,0,0,0,0,0,0,0,0,0,0,0,0,0,29,62,84,70,77,80,83,102,42,95,74,50,588,583,29969,29971,29969,29970,29975,29975,29975,29976,29975,29976,29978,29979,29979,29980,29974,29975,29981]} 1. e4 e5 2. Nf3 Nf6 3. Nxe5 d6 4. Nf3 Nxe4 5. Nc3 Nxc3 6. dxc3 Be7 7. Be3 Nc6 8. Qd2 Be6 9. O-O-O {C42: Petroff Defence: 3 Nxe5 and unusual White 3rd moves} Qd7 ({Not} 9... Bxa2 $2 10. b3 $18) 10. Kb1 Bf6 11. h4 {The position is equal.} h6 12. a3 a6 13. Be2 $146 ({Predecessor:} 13. Nd4 Nxd4 14. Bxd4 Qe7 15. Qf4 Be5 16. Qe4 O-O-O 17. Bxe5 {1-0 (45) Leko,P (2739)-Smeets,J (2657) Wijk aan Zee 2010}) 13... O-O-O 14. Nd4 Nxd4 15. Bxd4 Bxd4 16. Qxd4 Rhg8 17. Qa7 {[%cal Ra7a8]} c6 18. h5 (18. Rd2 {seems wilder.} Qc7 19. Rhd1 Qb8 20. Qd4 Qc7 21. c4) 18... Qc7 19. Rh4 Qb8 20. Qe3 Qc7 21. c4 Kb8 22. Bf3 Rge8 23. Qc3 f6 $1 24. Rhd4 Bf7 25. b3 Re5 26. g4 Qe7 27. Qd2 {[%cal Rd4d6]} Kc7 28. a4 Be8 29. Ka2 Bf7 30. Qf4 Bg8 31. R4d2 Bh7 32. Qd4 Be4 33. Qc3 Bxf3 34. Qxf3 Qe6 35. Qg3 Rd7 36. f3 Rd8 37. Qh2 Rd7 38. Qg3 Rd8 39. Kb1 Rd7 40. Rd3 Re3 41. c5 {And now Rxe3 would win.} Rxd3 42. Rxd3 Qe5 43. cxd6+ Rxd6 44. Qxe5 fxe5 $11 {[%mdl 4096] Endgame KR-KR} 45. Re3 Rd1+ 46. Kb2 Kd6 47. Kc3 Kd5 48. a5 Ra1 49. Rd3+ Ke6 50. Kb4 c5+ {[%mdl 64] Decoy} 51. Kxc5 {Threatens to win with Kb6.} Rxa5+ 52. Kb6 Rb5+ 53. Kc7 {Hoping for c4.} a5 $2 {[%mdl 8192]} (53... Kf6 $14) 54. c4 $1 $18 {[%cal Rc4b5]} Rb4 55. Rd6+ {White mates.} Ke7 {[#]} 56. Rb6 $1 {[%cal Rb6b4]} Rxb6 57. Kxb6 {KP-KP} Kd6 58. Kxb7 Kc5 59. Ka6 Kb4 {[#]} 60. c5 $1 {[%cal Rc5c6][%mdl 576] Deflection} Kxc5 61. Kxa5 Kd4 {[#]} 62. b4 $1 {[%cal Rb4b5]} Kd5 {Accuracy: White = 60%, Black = 66%.} 1-0

[Event "52nd ACCENTUS Biel Rapid 2019"]
[Site "Biel"]
[Date "2019.07.21"]
[Round "2.2"]
[White "Abdusattorov, Nodirbek"]
[Black "Cori, Jorge"]
[Result "0-1"]
[WhiteElo "2598"]
[BlackElo "2686"]
[Annotator "TA"]
[PlyCount "104"]
[EventDate "2019.07.21"]
[EventType "tourn"]
[EventCountry "SUI"]
[SourceTitle "playchess.com"]
[Source "ChessBase"]
[SourceQuality "1"]

{[%evp 24,104,22,22,12,12,19,2,8,15,10,0,0,-13,10,13,26,25,19,19,43,0,0,0,28,8,0,0,0,-15,0,0,0,0,0,-22,0,0,0,-25,-10,-16,-8,-50,0,-54,-54,-58,-25,-44,-28,-54,-50,-74,-74,-74,-74,-73,-75,-214,-212,-277,-272,-327,-302,-313,-290,-719,-594,-547,-463,-451,-437,-544,-533,-1066,-1026,-1072,-1072,-975,-965,-866,-847]} 1. e4 c5 2. Nf3 Nc6 3. d4 cxd4 4. Nxd4 e5 5. Nb5 d6 6. N1c3 a6 7. Na3 b5 8. Nd5 Nf6 9. Bg5 Be7 10. Bxf6 Bxf6 11. c4 b4 12. Nc2 Rb8 13. b3 O-O {B33: Sicilian: Pelikan and Sveshnikov Variations} 14. h4 {[#]} Be6 $146 ({Predecessor:} 14... a5 15. g3 Be7 16. Bh3 {1-0 (59) Nepomniachtchi,I (2706)-Van Wely,L (2679) Khanty-Mansiysk 2010}) 15. g3 a5 {The position is equal.} 16. Bh3 Be7 17. Kf1 Qd7 18. Kg2 Bd8 19. Qd3 Qa7 20. Rad1 Qc5 21. h5 Bxd5 22. cxd5 Na7 $1 23. Bd7 Rb7 24. Ba4 Bg5 25. Ne3 Bxe3 26. fxe3 Rc7 27. Rc1 Qb6 $1 ({But not} 27... Qxc1 $6 28. Rxc1 Rxc1 29. Qa6 $16) 28. Rxc7 Qxc7 29. Rf1 Rc8 30. Rf2 h6 31. Qe2 Qe7 32. Qa6 Rc5 33. Qb6 (33. Bc6 $5) 33... Qc7 34. Qa6 ({Better is} 34. Qxc7 $11 Rxc7 35. a3) 34... Kf8 $15 35. Qe2 Rc3 36. Qf3 Qe7 37. g4 Kg8 38. Kh3 Nc8 {[%cal Ba7c8,Bc8b6,Bb6d7,Bd7f8,Bf8h7,Bh7g5,Bg5e4][%mdl 32]} 39. Kg2 Nb6 40. Bb5 Nd7 41. Qf5 (41. Bxd7 $17 Qxd7 42. Kh2) 41... Nf8 $19 42. Rf3 Nh7 43. Bc6 Ng5 44. Rf2 Rxe3 45. Bd7 $2 (45. Qc8+ Qf8 46. Be8) 45... Nxe4 {Black is clearly winning.} 46. Rc2 Nc5 {[#] ...Qh4 is the strong threat.} 47. Bb5 Qg5 48. Qc8+ Kh7 {And now ...Ne6! would win.} 49. Rxc5 dxc5 50. d6 Qf4 {[#] ( -> ...Qg3+)} 51. Qf5+ Qxf5 52. gxf5 Re4 {Accuracy: White = 31%, Black = 64%.} 0-1

[Event "52nd ACCENTUS Biel Rapid 2019"]
[Site "Biel"]
[Date "2019.07.21"]
[Round "2.3"]
[White "Vidit, Santosh Gujrathi"]
[Black "Shankland, Sam"]
[Result "1/2-1/2"]
[WhiteElo "2703"]
[BlackElo "2713"]
[Annotator "TA"]
[PlyCount "148"]
[EventDate "2019.07.21"]
[EventType "tourn"]
[EventCountry "SUI"]
[SourceTitle "playchess.com"]
[Source "ChessBase"]
[SourceQuality "1"]

{[%evp 15,148,25,22,27,23,14,35,25,24,19,17,14,20,27,38,0,18,-1,-6,0,0,-15,-17,-12,-11,-6,0,0,-13,0,0,0,0,0,0,0,0,0,0,-5,0,-8,0,-21,-6,-18,-19,-66,-70,-72,-41,-65,0,0,0,-14,-15,-10,-11,-11,0,0,0,0,0,0,0,0,4,0,0,0,0,0,0,0,0,0,0,0,0,0,0,0,0,0,0,0,8,8,8,8,42,8,8,0,39,8,26,8,8,0,35,8,39,39,39,39,39,0,0,0,0,0,8,0,8,0,8,0,0,0,0,0,0,0,8,0,8,0,8,0,39,0,8]} 1. d4 d5 2. c4 c6 3. Nf3 Nf6 4. e3 Bf5 5. Nc3 e6 6. Nh4 Be4 7. f3 Bg6 8. Qb3 Qc7 9. Bd2 {D12: Slav Defence: 3 Nf3 Nf6 4 e3 Bf5} Be7 10. g3 (10. O-O-O dxc4 11. Bxc4 a6 12. Be2 Nbd7 13. Nxg6 hxg6 14. Kb1 c5 15. d5 exd5 16. Nxd5 Nxd5 17. Qxd5 {0-1 (31) Karjakin,S (2773)-Caruana,F (2822) Saint Louis 2018}) 10... a6 $146 ({Predecessor:} 10... O-O 11. Rc1 dxc4 12. Bxc4 a6 13. O-O b5 14. Be2 c5 15. dxc5 Nbd7 16. Nxg6 hxg6 {1-0 (35) Korobov,A (2652)-Feller,S (2569) Schifflange 2017}) 11. Rc1 {White is slightly better.} dxc4 12. Bxc4 b5 13. Be2 ({Don't go for} 13. Nxg6 $2 bxc4 14. Qxc4 hxg6 $19) 13... Nbd7 14. Nxg6 hxg6 15. Qc2 O-O 16. O-O c5 17. dxc5 Qxc5 18. Ne4 Nxe4 19. Qxe4 Qa7 20. Kg2 Rfd8 21. Qc2 Nb6 {[%cal Bd7b6,Bb6d5,Bd5e3][%mdl 32]} 22. Rfd1 Nd5 23. Qb3 Bc5 {[%cal Rc5e3]} 24. e4 Ne3+ 25. Bxe3 $1 Bxe3 26. Rxd8+ Rxd8 27. Rd1 $132 {[%mdl 2048] White is not holding back} Bd4 28. f4 Qc5 29. Rd2 g5 30. Rc2 Qe7 31. e5 gxf4 32. gxf4 g6 33. Qg3 Qb4 (33... Bb6 $15 34. a3 Rd5) 34. a3 $11 Qa4 35. Rd2 {[#] Threatens to win with b4.} Bb6 36. Rxd8+ Bxd8 37. Qd3 {And now b4 would win.} Be7 38. b4 Bxb4 $1 39. axb4 Qxb4 40. Kf3 Kg7 41. h4 Qe1 42. Qd8 Qh1+ 43. Kf2 Qh2+ 44. Ke3 Qg3+ 45. Bf3 Qe1+ 46. Be2 Qg3+ 47. Ke4 Qg2+ 48. Bf3 Qc2+ 49. Ke3 Qc1+ 50. Qd2 Qg1+ 51. Ke4 Qc5 52. h5 gxh5 53. Bxh5 {next Qd8 is good for White.} b4 54. Bd1 (54. Qd8 $5 {[%cal Rd8f6]} Qc6+ 55. Ke3 Qc3+ 56. Kf2 Qc2+ 57. Kg3 $16) 54... a5 55. Bb3 Qg1 56. Qd1 Qg2+ 57. Ke3 Qg3+ 58. Ke4 Qf2 59. Qc2 Qe1+ 60. Kf3 Qf1+ 61. Kg3 Qg1+ 62. Kh3 {[#] Hoping for Qg2+.} (62. Qg2 $5 {[%cal Rg2g1]} Qe3+ 63. Qf3 Qg1+ 64. Kh3 $16) 62... Qe3+ 63. Kg4 Qg1+ 64. Kf3 Qf1+ 65. Ke3 Qe1+ 66. Kf3 Qf1+ 67. Ke4 Qe1+ 68. Kd4 Qg3 69. Ke4 Qe1+ 70. Kf3 Qf1+ 71. Ke3 Qe1+ 72. Kf3 Qf1+ 73. Kg3 Qg1+ 74. Kf3 {Black must now prevent Qg2+.} (74. Qg2 $5 {[%cal Rg2g1]} Qe3+ 75. Qf3 Qe1+ 76. Kg4 $14) 74... Qf1+ {Accuracy: White = 44%, Black = 70%.} 1/2-1/2

[Event "52nd ACCENTUS Biel Rapid 2019"]
[Site "Biel"]
[Date "2019.07.21"]
[Round "2.4"]
[White "Georgiadis, Nico"]
[Black "Leko, Peter"]
[Result "1/2-1/2"]
[WhiteElo "2514"]
[BlackElo "2674"]
[Annotator "TA"]
[PlyCount "59"]
[EventDate "2019.07.21"]
[EventType "tourn"]
[EventCountry "SUI"]
[SourceTitle "playchess.com"]
[Source "ChessBase"]
[SourceQuality "1"]

{[%evp 18,59,14,4,24,10,11,9,12,7,12,18,20,20,11,19,21,25,26,12,22,21,21,28,21,29,31,40,55,0,11,0,0,0,10,14,11,7,13,10,25,7,7,8]} 1. d4 Nf6 2. c4 e6 3. Nf3 d5 4. g3 Be7 5. Bg2 O-O 6. Nc3 dxc4 7. Ne5 c5 8. dxc5 Qxd1+ 9. Nxd1 Bxc5 10. Nxc4 Nc6 {E06: Closed Catalan: Early deviations} 11. Be3 Bb4+ 12. Bd2 (12. Nc3 Nd5 13. Bd2 Rd8 14. O-O-O Kf8 15. Nxd5 exd5 16. Bxb4+ Nxb4 17. a3 Be6 18. axb4 {1-0 (54) Oparin,G (2624)-Xu,Y (2532) Qinhuangdao 2019}) 12... Bxd2+ 13. Nxd2 Bd7 14. Nc3 Rfd8 15. O-O Be8 $146 ({Predecessor:} 15... Ne7 16. Rac1 Bc6 17. Rfd1 Kf8 18. Nc4 Rxd1+ 19. Rxd1 {½-½ (55) Wellen,L (2180)-Salanin,A (2178) ICCF email 2012}) 16. Nc4 Kf8 17. Rfd1 Ke7 18. Nb5 Rxd1+ 19. Rxd1 a6 20. Nc7 Rc8 21. Nxe8 Nxe8 22. Nb6 Rc7 23. f4 ({White should play} 23. Bxc6 $14 bxc6 24. Nc4) 23... Nd8 24. Kf2 Nd6 25. Rd2 Nc8 26. Nxc8+ Rxc8 27. Ke3 f6 28. Be4 h6 29. a3 Rc7 30. Rc2 {Accuracy: White = 76%, Black = 79%.} 1/2-1/2

[Event "52nd ACCENTUS Biel Rapid 2019"]
[Site "Biel"]
[Date "2019.07.21"]
[Round "3.1"]
[White "Bogner, Sebastian"]
[Black "Georgiadis, Nico"]
[Result "1/2-1/2"]
[WhiteElo "2584"]
[BlackElo "2514"]
[Annotator "TA"]
[PlyCount "95"]
[EventDate "2019.07.21"]
[EventType "tourn"]
[EventCountry "SUI"]
[SourceTitle "playchess.com"]
[Source "ChessBase"]
[SourceQuality "1"]

{[%evp 14,95,26,31,27,16,15,17,17,17,16,9,11,14,35,0,4,0,0,0,10,0,26,0,9,11,20,21,29,0,5,0,0,0,0,0,0,0,0,0,0,-16,0,0,0,0,0,0,0,0,0,0,2,0,0,0,0,0,0,0,0,0,10,0,0,0,0,0,0,0,0,0,0,0,0,0,0,0,0,0,0,0,0,0]} 1. d4 Nf6 2. c4 e6 3. Nf3 d5 4. Nc3 Bb4 5. Qa4+ ({Predecessor:} 5. Bg5 h6 6. Bxf6 Qxf6 7. Qa4+ {1-0 (57) Pelletier,Y (2544)-Georgiadis,N (2568) Switzerland 2018}) 5... Nc6 6. Bg5 h6 7. Bxf6 Qxf6 8. e3 O-O {D38: Queen's Gambit Declined: Ragozin Defence (4 Nf3 Bb4)} 9. Rc1 $146 (9. Bd3 {is more complex.} dxc4 10. Bxc4 Bd6 11. O-O Bd7 12. Qd1) (9. Be2 Bd7 10. Qb3 dxc4 11. Qxc4 Qe7 12. a3 Bd6 13. O-O e5 14. d5 Na5 15. Qa2 e4 16. Nd4 {½-½ (56) Bu,X (2729)-Vidit,S (2707) Hengshui 2019}) 9... Qg6 10. Qc2 Qxc2 11. Rxc2 Rd8 12. a3 Bf8 13. Nb5 Rd7 14. cxd5 exd5 15. Bd3 a6 16. Nc3 {[%cal Bb5c3,Bc3a4,Ba4c5][%mdl 32]} Rd8 17. Ke2 Ne7 18. Rb1 c6 19. Na4 Bf5 20. Nc5 Ra7 21. Ne5 f6 {The position is equal.} 22. Bxf5 Nxf5 23. Ned3 Re8 {[#] Hoping for ...Nxd4+.} 24. Kf3 Bxc5 (24... h5 {seems wilder.} 25. Nf4 Bxc5 26. dxc5 d4 27. Rd1 dxe3 28. Re2 Nh4+) 25. Nxc5 h5 26. h3 Nd6 27. g4 hxg4+ 28. hxg4 Kf7 29. Rh1 Raa8 30. b3 a5 31. a4 Re7 32. Nd3 Ne4 33. Kg2 Ree8 34. f3 Nd6 35. Kf2 Rh8 36. Rcc1 Rxh1 37. Rxh1 $11 {[%mdl 4096] Endgame KRN-KRN} Rc8 38. Rc1 Rh8 39. Kg2 Re8 40. Kf2 Rh8 41. Kg3 Re8 42. Re1 g5 43. Kf2 Rh8 44. Kg2 Re8 45. Kf2 Rh8 46. Kg2 Re8 47. Nc5 Kg6 (47... b6 $5 48. Nd3 $8 Ke6 $11) 48. Nd3 {Accuracy: White = 61%, Black = 65%.} 1/2-1/2

[Event "52nd ACCENTUS Biel Rapid 2019"]
[Site "Biel"]
[Date "2019.07.21"]
[Round "3.2"]
[White "Leko, Peter"]
[Black "Vidit, Santosh Gujrathi"]
[Result "1-0"]
[WhiteElo "2674"]
[BlackElo "2703"]
[Annotator "TA"]
[PlyCount "125"]
[EventDate "2019.07.21"]
[EventType "tourn"]
[EventCountry "SUI"]
[SourceTitle "playchess.com"]
[Source "ChessBase"]
[SourceQuality "1"]

{[%evp 12,125,17,8,29,23,16,16,14,24,13,10,56,11,11,11,10,8,16,0,3,-27,-20,-15,0,-18,-21,-51,-43,-52,-52,-56,-54,-56,-21,-25,0,0,0,0,0,0,6,0,0,0,0,0,0,0,0,0,0,0,0,0,0,0,44,31,120,102,283,283,283,283,310,310,638,622,1305,1161,5214,5271,4133,1593,29977,29978,29977,29979,29979,29980,29980,29981,29991,29992,29992,29984,29984,29985,29985,29986,29989,29982,29980,29978,29987,29988,29988,29989,29989,29990,29990,29983,29981,29982,29986,29987,29993,29988,29988,29989,29994,29995,29996,29997]} 1. d4 Nf6 2. c4 e6 3. Nf3 d5 4. Nc3 Bb4 5. cxd5 exd5 6. Bg5 h6 7. Bh4 O-O {D38: Queen's Gambit Declined: Ragozin Defence (4 Nf3 Bb4)} 8. e3 Bf5 9. Be2 Nbd7 {The position is equal.} 10. Qb3 Bxc3+ 11. Qxc3 Ne4 $146 ({Predecessor:} 11... c6 12. Nd2 Ne4 13. Nxe4 Qxh4 14. Nd6 Bg4 15. g3 {½-½ (30) Mamedyarov,S (2820)-Carlsen,M (2839) Porto Carras 2018}) 12. Bxd8 (12. Qa5 {is interesting.} Nef6 13. Ne5 Re8 14. Nxd7 Qxd7 15. Bxf6 gxf6 16. O-O) 12... Nxc3 13. bxc3 {Be7 is the strong threat.} Rfxd8 14. a4 c5 15. a5 Rac8 16. Nd2 cxd4 17. cxd4 Rc2 18. g4 Bh7 19. Bb5 Nf6 20. f3 Rb2 21. Ba4 $1 Bd3 22. h4 Rc8 {And now ...Rc3 would win.} 23. Rh2 $1 Ba6 {Hoping for ...Rc3.} 24. Nf1 Rxh2 25. Nxh2 Rc3 26. Kf2 Kf8 27. Rb1 Ra3 28. Bb5 Rxa5 29. Bxa6 bxa6 $11 {[%mdl 4096] Endgame KRN-KRN} 30. Rb7 Ra2+ 31. Kg3 g5 32. hxg5 hxg5 33. Rxa7 a5 34. Nf1 Kg7 35. Kh3 Ng8 (35... Ne8 $14) 36. Ng3 $16 Nh6 $2 (36... Kg6 $16) 37. f4 $18 gxf4 38. exf4 Ra3 39. Kh4 Kg6 $2 (39... Ra2 40. Nh5+ Kh7 41. Nf6+ Kg7) 40. f5+ Kh7 41. g5 Rxg3 42. Kxg3 {Threatening mate with Kf4.} Nxf5+ {[#] KR-KN} 43. Kg4 $1 Nxd4 44. Rxf7+ {White mates.} Kg6 45. Rf6+ Kg7 46. Ra6 Nc2 47. Kh5 d4 48. Ra7+ Kg8 49. Rxa5 Ne3 50. Ra8+ Kg7 51. Ra7+ Kf8 52. Rd7 Nf5 53. Kg6 Ne7+ {[#]} 54. Kf6 $1 {[%cal Rd7d8]} Ng8+ 55. Ke6 d3 56. Rxd3 Kg7 57. Kf5 Ne7+ 58. Kg4 Ng6 59. Rd7+ Kg8 60. Ra7 Ne5+ 61. Kf5 Nf7 62. Kf6 Nd6 63. Ra8+ {Accuracy: White = 75%, Black = 39%.} 1-0